<?xml version="1.0" encoding="UTF-8"?><?xml-stylesheet type="text/xsl" href="static/style.xsl"?><OAI-PMH xmlns="http://www.openarchives.org/OAI/2.0/" xmlns:xsi="http://www.w3.org/2001/XMLSchema-instance" xsi:schemaLocation="http://www.openarchives.org/OAI/2.0/ http://www.openarchives.org/OAI/2.0/OAI-PMH.xsd"><responseDate>2026-06-01T08:49:22Z</responseDate><request verb="GetRecord" identifier="oai:riuma.uma.es:10630/24831" metadataPrefix="marc">https://riuma.uma.es/rest/oai/request</request><GetRecord><record><header><identifier>oai:riuma.uma.es:10630/24831</identifier><datestamp>2026-02-03T12:54:22Z</datestamp><setSpec>com_10630_19559</setSpec><setSpec>com_10630_3139</setSpec><setSpec>com_10630_10</setSpec><setSpec>col_10630_24801</setSpec></header><metadata><record xmlns="http://www.loc.gov/MARC21/slim" xmlns:dcterms="http://purl.org/dc/terms/" xmlns:doc="http://www.lyncode.com/xoai" xmlns:xsi="http://www.w3.org/2001/XMLSchema-instance" xsi:schemaLocation="http://www.loc.gov/MARC21/slim http://www.loc.gov/standards/marcxml/schema/MARC21slim.xsd">
   <leader>00925njm 22002777a 4500</leader>
   <datafield ind2=" " ind1=" " tag="042">
      <subfield code="a">dc</subfield>
   </datafield>
   <datafield ind2=" " ind1=" " tag="720">
      <subfield code="a">Insua, Laura</subfield>
      <subfield code="e">author</subfield>
   </datafield>
   <datafield ind2=" " ind1=" " tag="720">
      <subfield code="a">Caparrós-Martín, Ester</subfield>
      <subfield code="e">author</subfield>
   </datafield>
   <datafield ind2=" " ind1=" " tag="720">
      <subfield code="a">Millán Alcaide, Nieves</subfield>
      <subfield code="e">author</subfield>
   </datafield>
   <datafield ind2=" " ind1=" " tag="260">
      <subfield code="c">2022</subfield>
   </datafield>
   <datafield ind2=" " ind1=" " tag="520">
      <subfield code="a">Entrevistamos a Carmen Alba Pastor, Catedrática de Didáctica y Organización Escolar en la Universidad Complutense de Madrid y experta en Diseño Universal para el Aprendizaje, una herramienta que ofrece un marco científicamente validado para orientar la práctica educativa hacia una enseñanza más inclusiva. Su trayectoria docente combina la formación en nuevas tecnologías aplicadas a la educación y la atención a la diversidad. Si algo caracteriza a Carmen es cómo trata de orientar toda práctica docente e investigadora hacia aquello que garantice una educación de calidad para todas y todos.</subfield>
   </datafield>
   <datafield ind1="8" ind2=" " tag="024">
      <subfield code="a">Caparrós, E., Millán, N., Insua, L. (2022). Mirar y pensar fuera de la norma. Entrevista a Carmen Alba Pastor.  Márgenes, Revista de Educación de la Universidad de Málaga, 3 (2), 225-228.  http://dx.doi.org/ 10.24310/mgnmar.v3i2.15174</subfield>
   </datafield>
   <datafield ind1="8" ind2=" " tag="024">
      <subfield code="a">https://hdl.handle.net/10630/24831</subfield>
   </datafield>
   <datafield ind1="8" ind2=" " tag="024">
      <subfield code="a">https://doi.org/10.24310/mgnmar.v3i2.15174</subfield>
   </datafield>
   <datafield tag="653" ind2=" " ind1=" ">
      <subfield code="a">Educación inclusiva</subfield>
   </datafield>
   <datafield ind2="0" ind1="0" tag="245">
      <subfield code="a">Mirar y pensar fuera de la norma. Entrevista a Carmen Alba Pastor</subfield>
   </datafield>
</record>
</metadata></record></GetRecord></OAI-PMH>